00198nam a2200085Ia 4500008004100000100000900041245002400050260003000074300000800104190216s9999||||xx |||||||||||||| ||und|| aNull 0aIndian Contract Act bCentral Law Agenccyc1986 a48p